[Event "Madrid ch Veteranos 2015-2016"]
[Site "Madrid ESP"]
[Date "2016.01.14"]
[Round "4.27"]
[White "Abad Martin Camunas, Luis"]
[Black "Benitez Cadenas, Luis Miguel"]
[Result "1-0"]
[WhiteElo "1413"]
[BlackElo "1681"]
[PlyCount "45"]
[EventDate "2016.01.11"]
[EventType "swiss"]
[EventRounds "9"]
[EventCountry "ESP"]
[Source "lmi"]
[SourceDate "2016.01.11"]

1. e4 c5 2. Nf3 g6 3. c3 Nf6 4. e5 Nd5 5. d4 cxd4 6. cxd4 Nc6 7. Bc4 Nb6 8. Bb3
e6 9. O-O Bg7 10. Nc3 a6 11. Ne4 O-O 12. Bg5 Qc7 13. Qd2 Nd5 14. Bxd5 exd5 15.
Nf6+ Kh8 16. Bh6 Ne7 17. Bxg7+ Kxg7 18. Qg5 Ng8 19. Nxg8 Rxg8 20. Qf6+ Kf8 21.
Ng5 Rg7 22. Rac1 Qa5 23. b4 1-0

[Event "Madrid ch Veteranos 2015-2016"]
[Site "Madrid ESP"]
[Date "2016.01.14"]
[Round "4.28"]
[White "Perez Cristobal, Alberto"]
[Black "Folgar Lopez, Angel"]
[Result "1-0"]
[WhiteElo "1612"]
[BlackElo "1550"]
[PlyCount "46"]
[EventDate "2016.01.11"]
[EventType "swiss"]
[EventRounds "9"]
[EventCountry "ESP"]
[Source "lmi"]
[SourceDate "2016.01.11"]

1. e4 e6 2. d4 d5 3. exd5 exd5 4. Nf3 Bd6 5. Bd3 Nf6 6. O-O Be6 7. Bg5 h6 8.
Bh4 Nc6 9. c3 g5 10. Bg3 Bxg3 11. fxg3 Qd7 12. Bb5 Bg4 13. Qe1+ Ne4 14. Ne5 Qe6
15. Nd2 O-O 16. Nxe4 dxe4 17. Bc4 Qc8 18. Nxc6 bxc6 19. Qxe4 Bh5 20. Qxc6 Bg6
21. Qxg6+ Kh8 22. Qxh6+ Kg8 23. Qxg5+ Kh8 1-0

[Event "Madrid ch Veteranos 2015-2016"]
[Site "Madrid ESP"]
[Date "2016.01.14"]
[Round "4.29"]
[White "Sanchez Lucena, Juan"]
[Black "Cortijo Manso, Luis"]
[Result "0-1"]
[WhiteElo "1440"]
[BlackElo "1508"]
[PlyCount "118"]
[EventDate "2016.01.11"]
[EventType "swiss"]
[EventRounds "9"]
[EventCountry "ESP"]
[Source "lmi"]
[SourceDate "2016.01.11"]

1. d4 Nf6 2. Nf3 g6 3. Bf4 Bg7 4. e3 c6 5. a3 O-O 6. c4 d5 7. Nc3 Nbd7 8. Be2
a6 9. Rc1 Nh5 10. Bg3 Nhf6 11. Ng5 h6 12. Nf3 Ne4 13. Qc2 Ndf6 14. Ne5 Qa5 15.
O-O Nxg3 16. hxg3 Qd8 17. cxd5 cxd5 18. Bf3 Bf5 19. Qb3 Be4 20. Be2 b5 21. f3
Bf5 22. g4 Be6 23. Nd1 Nd7 24. f4 Nxe5 25. fxe5 Qd7 26. Bf3 Rfd8 27. Nc3 Rab8
28. Qd1 a5 29. Rf2 Qb7 30. Rb1 b4 31. axb4 Qxb4 32. Na4 Bc8 33. Ra1 e6 34. Qc2
Bd7 35. Nc5 Bb5 36. Qc3 Qxc3 37. bxc3 Ra8 38. Rfa2 a4 39. Nxa4 Bc4 40. Ra3 Bf8
41. Nc5 Rxa3 42. Rxa3 Rc8 43. Ra5 Be7 44. Kf2 Rb8 45. Kg3 Bg5 46. Nd7 Rd8 47.
Nf6+ Kg7 48. e4 Bd2 49. exd5 Bxc3 50. Rc5 Be1+ 51. Kh2 exd5 52. Bxd5 Bxd5 53.
Rxd5 Ra8 54. Rd7 Bh4 55. Rd6 Ra3 56. Rd8 Bg3+ 57. Kh3 Bxe5+ 58. g3 Bxf6 59. Rd5
Ra4 0-1

[Event "Madrid ch Veteranos 2015-2016"]
[Site "Madrid ESP"]
[Date "2016.01.14"]
[Round "4.30"]
[White "Navarro Corredor, Angel"]
[Black "Suarez Mencia, Roberto"]
[Result "1-0"]
[WhiteElo "1395"]
[BlackElo "1454"]
[PlyCount "75"]
[EventDate "2016.01.11"]
[EventType "swiss"]
[EventRounds "9"]
[EventCountry "ESP"]
[Source "lmi"]
[SourceDate "2016.01.11"]

1. e4 c5 2. Nf3 Nc6 3. d4 cxd4 4. Nxd4 Nf6 5. Nxc6 bxc6 6. Nc3 e5 7. Bd3 Bb4 8.
Bd2 Bxc3 9. Bxc3 d6 10. O-O O-O 11. Qd2 Bg4 12. f4 Bd7 13. fxe5 dxe5 14. Bxe5
Nh5 15. Qe3 f6 16. Bc3 Kh8 17. Be2 Be8 18. Bb4 Bf7 19. Bxf8 Qxf8 20. Bxh5 Bxh5
21. Rad1 Bxd1 22. Rxd1 h6 23. Rd7 Qe8 24. Rd3 a6 25. Kf2 Qe5 26. Qd4 Qxh2 27.
Qe3 Qh4+ 28. Kg1 Re8 29. Rd4 Re5 30. g3 Qh3 31. Qf4 Ra5 32. Rd3 Rh5 33. Kf2
Qh2+ 34. Kf3 Qh1+ 35. Ke3 Qe1+ 36. Kf3 Rh2 37. Rd8+ Kh7 38. Qf5+ 1-0

[Event "Madrid ch Veteranos 2015-2016"]
[Site "Madrid ESP"]
[Date "2016.01.15"]
[Round "5.1"]
[White "Elissalt Cardenas, Hector"]
[Black "Casares Ripoll, Fernando"]
[Result "1-0"]
[WhiteElo "2358"]
[BlackElo "2133"]
[PlyCount "105"]
[EventDate "2016.01.11"]
[EventType "swiss"]
[EventRounds "9"]
[EventCountry "ESP"]
[Source "lmi"]
[SourceDate "2016.01.11"]

1. c4 Nf6 2. Nc3 g6 3. g3 Bg7 4. Bg2 O-O 5. e4 e5 6. Nge2 d6 7. d3 Nc6 8. h3
Be6 9. O-O Nd7 10. Nd5 Ne7 11. d4 exd4 12. Nxd4 c6 13. Nxe6 fxe6 14. Nf4 Nc5
15. h4 e5 16. Nd3 Ne6 17. h5 gxh5 18. Qxh5 Qe8 19. Qxe8 Rfxe8 20. Be3 Nd4 21.
Bxd4 exd4 22. f4 Nc8 23. Rfe1 Nb6 24. b3 Re7 25. Bh3 Nd7 26. Bxd7 Rxd7 27. Kg2
b6 28. Rh1 Re8 29. Rae1 a5 30. Kf3 Rde7 31. Re2 h6 32. Rd1 Kh7 33. Ne1 c5 34.
a4 h5 35. Nd3 Bf6 36. Rh1 Kg6 37. Rhh2 Rh7 38. Re1 Kf7 39. Reh1 Reh8 40. Rh3
Rh6 41. e5 dxe5 42. fxe5 Bg5 43. Ke4 h4 44. Rf1+ Ke8 45. Rf5 hxg3 46. Rxg3 Be3
47. Kd5 R8h7 48. Rg8+ Ke7 49. Rff8 Bd2 50. Re8+ Kf7 51. e6+ Kf6 52. Ne5 Rh4 53.
Rg6+ 1-0

[Event "Madrid ch Veteranos 2015-2016"]
[Site "Madrid ESP"]
[Date "2016.01.15"]
[Round "5.2"]
[White "Lopez De Turiso, Jose Angel"]
[Black "Gil Sierra, Jacinto"]
[Result "1/2-1/2"]
[WhiteElo "2083"]
[BlackElo "1938"]
[PlyCount "47"]
[EventDate "2016.01.11"]
[EventType "swiss"]
[EventRounds "9"]
[EventCountry "ESP"]
[Source "lmi"]
[SourceDate "2016.01.11"]

1. e4 c5 2. Nf3 Nc6 3. Bb5 e6 4. O-O Nge7 5. c3 a6 6. Ba4 b5 7. Bc2 d5 8. d4
cxd4 9. Nxd4 Nxd4 10. Qxd4 Nc6 11. Qe3 d4 12. cxd4 Qxd4 13. Rd1 Qxe3 14. Bxe3
Bb7 15. a3 Rc8 16. Nc3 Ne5 17. Bb3 Nc4 18. Bxc4 Rxc4 19. f3 b4 20. axb4 Bxb4
21. Rd4 Rxd4 22. Bxd4 O-O 23. Na2 Be7 24. Rc1 1/2-1/2

[Event "Madrid ch Veteranos 2015-2016"]
[Site "Madrid ESP"]
[Date "2016.01.15"]
[Round "5.3"]
[White "Pastor Alonso de Prado, Alberto Emilio"]
[Black "Campos Calvo-Sotelo, Juan"]
[Result "1-0"]
[WhiteElo "2115"]
[BlackElo "1849"]
[PlyCount "93"]
[EventDate "2016.01.11"]
[EventType "swiss"]
[EventRounds "9"]
[EventCountry "ESP"]
[Source "lmi"]
[SourceDate "2016.01.11"]

1. e4 e6 2. d4 a6 3. Nf3 b5 4. Bd3 c5 5. c3 Bb7 6. O-O Nf6 7. Re1 Be7 8. a4 c4
9. Bc2 d5 10. e5 Nfd7 11. axb5 axb5 12. Rxa8 Bxa8 13. Nbd2 Nc6 14. Nf1 b4 15.
Ng3 b3 16. Bb1 g6 17. Bh6 Bf8 18. Qd2 Bxh6 19. Qxh6 Qe7 20. h4 Qf8 21. Qf4 Qg7
22. h5 O-O 23. h6 Qh8 24. Ng5 Nd8 25. Qg4 f5 26. Qh4 Re8 27. Re3 Nf7 28. Nxe6
Rxe6 29. Nxf5 gxf5 30. Bxf5 Rxh6 31. Qf4 Nf8 32. e6 Qf6 33. exf7+ Kxf7 34. g4
Kg8 35. g5 Qg7 36. Re8 Bc6 37. Rc8 Bb7 38. Rc7 Rg6 39. Bxg6 Qxg6 40. Rxb7 h6
41. Rb8 Qg7 42. Rxf8+ Qxf8 43. Qxf8+ Kxf8 44. gxh6 Kg8 45. Kg2 Kh7 46. Kg3 Kxh6
47. Kf4 1-0

[Event "Madrid ch Veteranos 2015-2016"]
[Site "Madrid ESP"]
[Date "2016.01.15"]
[Round "5.4"]
[White "Vukotic Jovsic, Dragan"]
[Black "Serrano Baylin, Francisco"]
[Result "1-0"]
[WhiteElo "1947"]
[BlackElo "1988"]
[PlyCount "113"]
[EventDate "2016.01.11"]
[EventType "swiss"]
[EventRounds "9"]
[EventCountry "ESP"]
[Source "lmi"]
[SourceDate "2016.01.11"]

1. d4 Nf6 2. Nf3 g6 3. Bf4 Bg7 4. e3 d6 5. Be2 O-O 6. h3 c5 7. c3 cxd4 8. exd4
b6 9. O-O Bb7 10. Nbd2 Nbd7 11. a4 a6 12. Qb3 Nh5 13. Bg5 h6 14. Bh4 Nf4 15.
Bd1 g5 16. Bg3 e5 17. Nc4 Bd5 18. Bxf4 gxf4 19. Qb4 e4 20. Nfd2 Bxc4 21. Qxc4
Rc8 22. Qxa6 d5 23. Bb3 Qg5 24. Qe2 f3 25. Nxf3 exf3 26. Qxf3 Nf6 27. a5 bxa5
28. Rxa5 Rfd8 29. Re1 Rb8 30. Qd1 Qf4 31. Qc2 Bf8 32. Re5 Ra8 33. g3 Qf3 34.
Rf5 Qe4 35. Rxa8 Rxa8 36. Qxe4 Nxe4 37. Bxd5 Ra1+ 38. Kg2 Nd6 39. Rf3 Kg7 40.
c4 f6 41. Rd3 Rb1 42. b3 Be7 43. Bc6 Rc1 44. Kf3 Kf7 45. Bd7 Bd8 46. c5 Nb7 47.
b4 Bc7 48. Bc8 Nd8 49. d5 Be5 50. Rb3 Rc3+ 51. Rxc3 Bxc3 52. b5 Bd4 53. c6 Ke7
54. c7 Nf7 55. Be6 Nd6 56. c8=Q Nxc8 57. Bxc8 1-0

[Event "Madrid ch Veteranos 2015-2016"]
[Site "Madrid ESP"]
[Date "2016.01.15"]
[Round "5.5"]
[White "Lopez Ziegler, Carlos"]
[Black "Cabañas Bravo, Juan Andres"]
[Result "1-0"]
[WhiteElo "1933"]
[BlackElo "1957"]
[PlyCount "71"]
[EventDate "2016.01.11"]
[EventType "swiss"]
[EventRounds "9"]
[EventCountry "ESP"]
[Source "lmi"]
[SourceDate "2016.01.11"]

1. e4 e5 2. Nf3 Nc6 3. Bc4 Bc5 4. c3 Nf6 5. d3 a6 6. Bb3 Ba7 7. O-O O-O 8. Re1
d6 9. Nbd2 Ne7 10. h3 Ng6 11. Nf1 Nh5 12. d4 exd4 13. cxd4 Nhf4 14. Ng3 Qf6 15.
Nh5 Nxh3+ 16. gxh3 Qe7 17. Kg2 c6 18. Bg5 Qd7 19. Rh1 d5 20. exd5 cxd5 21. Qd3
Qd6 22. Rae1 f6 23. Bd2 Bd7 24. a3 Bb5 25. Qf5 Rfd8 26. Nf4 Bc4 27. Bc2 Nf8 28.
Ne6 Qd7 29. Nxd8 Rxd8 30. Qxd7 Rxd7 31. a4 Rc7 32. b3 Bf1+ 33. Rhxf1 Rxc2 34.
Rc1 Rb2 35. Rb1 Bxd4 36. Bb4 1-0

[Event "Madrid ch Veteranos 2015-2016"]
[Site "Madrid ESP"]
[Date "2016.01.15"]
[Round "5.6"]
[White "Sotoca Aguado, Jose"]
[Black "Viñas Lopez, Carlos"]
[Result "0-1"]
[WhiteElo "1952"]
[BlackElo "1903"]
[PlyCount "84"]
[EventDate "2016.01.11"]
[EventType "swiss"]
[EventRounds "9"]
[EventCountry "ESP"]
[Source "lmi"]
[SourceDate "2016.01.11"]

1. e4 c5 2. Nf3 e6 3. d4 cxd4 4. Nxd4 Nf6 5. Bd3 Nc6 6. Be3 d5 7. Nxc6 bxc6 8.
e5 Nd7 9. f4 Bc5 10. Qe2 Qb6 11. Bc1 O-O 12. Nc3 f5 13. Bd2 Be7 14. Na4 Qd4 15.
c4 Nc5 16. Nxc5 Bxc5 17. Bc3 Qxf4 18. g3 Qe3 19. Qxe3 Bxe3 20. Ke2 Bb6 21. cxd5
cxd5 22. Bb4 Rf7 23. Rhc1 Bb7 24. Rc2 Rc7 25. Rac1 Rac8 26. Bd6 Rxc2+ 27. Rxc2
Rxc2+ 28. Bxc2 Kf7 29. Ba4 Ba6+ 30. Kd2 Bg1 31. h3 Bf2 32. g4 f4 33. Bd1 Bf1
34. h4 Bxh4 35. Bc5 a6 36. b4 Be7 37. Kc3 Bxc5 38. bxc5 Ke7 39. Kd4 Kd7 40. g5
h6 41. gxh6 gxh6 42. Bg4 Bg2 0-1

[Event "Madrid ch Veteranos 2015-2016"]
[Site "Madrid ESP"]
[Date "2016.01.15"]
[Round "5.7"]
[White "Garcia Gutierrez, Jose"]
[Black "Lorenzo Bailador, Alfredo"]
[Result "1/2-1/2"]
[WhiteElo "1907"]
[BlackElo "1951"]
[PlyCount "72"]
[EventDate "2016.01.11"]
[EventType "swiss"]
[EventRounds "9"]
[EventCountry "ESP"]
[Source "lmi"]
[SourceDate "2016.01.11"]

1. b3 d5 2. Bb2 Nf6 3. e3 Bf5 4. Nf3 e6 5. Be2 Bd6 6. d3 h6 7. Ne5 O-O 8. O-O
c6 9. Nd2 Qc7 10. Ndf3 Nbd7 11. Nxd7 Nxd7 12. h3 Rad8 13. Nh4 Bh7 14. f4 Qb6
15. Qd2 Be7 16. Nf3 Bc5 17. Bd4 Bxd4 18. Nxd4 Rfe8 19. Rae1 e5 20. fxe5 Rxe5
21. c3 Rde8 22. Bd1 Nc5 23. Bc2 Qa6 24. Nf3 R5e7 25. c4 dxc4 26. bxc4 Qa3 27.
e4 Rd8 28. Qf4 Ne6 29. Qh4 f6 30. e5 fxe5 31. Rxe5 Rde8 32. Rfe1 Ng5 33. Rxe7
Rxe7 34. Nxg5 hxg5 35. Qg3 Rxe1+ 36. Qxe1 Bg6 1/2-1/2

[Event "Madrid ch Veteranos 2015-2016"]
[Site "Madrid ESP"]
[Date "2016.01.15"]
[Round "5.8"]
[White "Nuñez Muñoz, Jesus"]
[Black "Marcos Herrero, Francisco"]
[Result "1/2-1/2"]
[WhiteElo "2222"]
[BlackElo "1982"]
[PlyCount "53"]
[EventDate "2016.01.11"]
[EventType "swiss"]
[EventRounds "9"]
[EventCountry "ESP"]
[Source "lmi"]
[SourceDate "2016.01.11"]

1. e4 c5 2. Nf3 Nc6 3. d4 cxd4 4. Nxd4 g6 5. c4 Nf6 6. Be3 Nxe4 7. Bd3 Qa5+ 8.
Kf1 Nf6 9. Nc3 Bg7 10. Nb3 Qd8 11. h3 d6 12. Qd2 Be6 13. Be2 Rc8 14. Rc1 Na5
15. Nxa5 Qxa5 16. b3 a6 17. Kg1 Nd7 18. Kh2 Ne5 19. Rhd1 Nc6 20. Kg1 O-O 21.
Bf3 Rfe8 22. Be2 Ne5 23. Qe1 Nd7 24. Bd2 Qc7 25. Be3 Qa5 26. Bd2 Qc7 27. Be3
1/2-1/2

[Event "Madrid ch Veteranos 2015-2016"]
[Site "Madrid ESP"]
[Date "2016.01.15"]
[Round "5.9"]
[White "Gonzalez Rivera, Eduardo"]
[Black "Alvarez Escudero, Manuel"]
[Result "1-0"]
[WhiteElo "2059"]
[BlackElo "1820"]
[PlyCount "83"]
[EventDate "2016.01.11"]
[EventType "swiss"]
[EventRounds "9"]
[EventCountry "ESP"]
[Source "lmi"]
[SourceDate "2016.01.11"]

1. e4 e5 2. Nf3 Nc6 3. Bc4 Bc5 4. b4 Bxb4 5. c3 Be7 6. d4 d6 7. Qb3 Na5 8.
Bxf7+ Kf8 9. Qa4 Kxf7 10. Qxa5 b6 11. Qa4 exd4 12. cxd4 Nf6 13. O-O h6 14. e5
Ne4 15. Qc6 Bf5 16. Qd5+ Ke8 17. Re1 dxe5 18. Qc6+ Kf8 19. Rxe4 Bxe4 20. Qxe4
Bf6 21. Nc3 exd4 22. Nd5 Kf7 23. Nxf6 gxf6 24. Nxd4 Qd6 25. Bf4 Qd7 26. Nf5
Rae8 27. Qc4+ Kg6 28. Nh4+ Kg7 29. Qc2 Qf7 30. Nf5+ Kf8 31. Bxh6+ Kg8 32. Bf4
Qe6 33. h3 c5 34. Rd1 Rh5 35. Nd6 Kg7 36. Nxe8+ Qxe8 37. Qd3 Kf7 38. Qf3 Rh7
39. Qg4 Kf8 40. Qf5 Kg8 41. Qxf6 Rg7 42. Rd8 1-0

[Event "Madrid ch Veteranos 2015-2016"]
[Site "Madrid ESP"]
[Date "2016.01.15"]
[Round "5.10"]
[White "Gonzalez Mateos, Rafael"]
[Black "Fernandez Garcia, Ignacio"]
[Result "1-0"]
[WhiteElo "1986"]
[BlackElo "1875"]
[PlyCount "71"]
[EventDate "2016.01.11"]
[EventType "swiss"]
[EventRounds "9"]
[EventCountry "ESP"]
[Source "lmi"]
[SourceDate "2016.01.11"]

1. d4 c6 2. c3 d5 3. Nf3 Bf5 4. Qb3 Qb6 5. Bf4 Nd7 6. Nbd2 Ngf6 7. h3 h6 8. e3
Ne4 9. Nxe4 Bxe4 10. Be2 e6 11. O-O c5 12. Nd2 Bh7 13. Bb5 Be7 14. c4 dxc4 15.
Nxc4 Qd8 16. Ne5 O-O 17. Nxd7 a6 18. Nxf8 axb5 19. Nxh7 cxd4 20. exd4 Qxd4 21.
Be3 Qe4 22. Rfd1 Qxh7 23. Qxb5 Qe4 24. Rd7 Bf6 25. Qxb7 Qa4 26. Rad1 Qxa2 27.
b4 Qa4 28. b5 Kh7 29. b6 Ra5 30. Qc7 Be5 31. Qc1 Qh4 32. Qc2+ f5 33. b7 Rb5 34.
Qc6 Rb2 35. Qxe6 Qe4 36. Qd5 1-0

[Event "Madrid ch Veteranos 2015-2016"]
[Site "Madrid ESP"]
[Date "2016.01.15"]
[Round "5.11"]
[White "Minguela Muñoz, Bienvenido"]
[Black "Garcia Martin, Esteban"]
[Result "1-0"]
[WhiteElo "1728"]
[BlackElo "1894"]
[PlyCount "101"]
[EventDate "2016.01.11"]
[EventType "swiss"]
[EventRounds "9"]
[EventCountry "ESP"]
[Source "lmi"]
[SourceDate "2016.01.11"]

1. Nf3 Nf6 2. d4 b6 3. e3 Bb7 4. Bd3 e6 5. O-O Be7 6. c4 d5 7. cxd5 exd5 8. Nc3
O-O 9. Ne5 Nbd7 10. f4 Ne4 11. Qf3 f5 12. Qh3 c5 13. Nxe4 Nxe5 14. Nxc5 Nxd3
15. Nxd3 Ba6 16. Rd1 Rc8 17. Ne5 Rc2 18. Nf3 Qd7 19. Qg3 Rfc8 20. Ne1 R2c6 21.
Bd2 R8c7 22. Qf3 g5 23. fxg5 Bxg5 24. Rdc1 Kg7 25. Qg3 Kf6 26. Nf3 Rxc1+ 27.
Rxc1 Rxc1+ 28. Bxc1 Bh6 29. Qh4+ Kg7 30. Qg3+ Kf6 31. Qe5+ Kf7 32. Nh4 Bd3 33.
Bd2 Be4 34. g4 Qe7 35. Qxe7+ Kxe7 36. Nxf5+ Bxf5 37. gxf5 Kf6 38. Kf2 Kxf5 39.
e4+ Kxe4 40. Bxh6 Kxd4 41. Ke2 Kc4 42. h4 b5 43. h5 a5 44. Bd2 b4 45. b3+ Kd4
46. h6 Ke4 47. Bc1 d4 48. Bg5 d3+ 49. Kd2 Kf5 50. Be3 Ke4 51. Bb6 1-0

[Event "Madrid ch Veteranos 2015-2016"]
[Site "Madrid ESP"]
[Date "2016.01.15"]
[Round "5.12"]
[White "Martin Rodriguez, Emilio"]
[Black "Calderon Martin, Antonio"]
[Result "1-0"]
[WhiteElo "2142"]
[BlackElo "1679"]
[PlyCount "33"]
[EventDate "2016.01.11"]
[EventType "swiss"]
[EventRounds "9"]
[EventCountry "ESP"]
[Source "lmi"]
[SourceDate "2016.01.11"]

1. d4 Nf6 2. c4 e5 3. dxe5 Ng4 4. Nf3 Bc5 5. e3 Nc6 6. Be2 Ngxe5 7. O-O O-O 8.
Nc3 Re8 9. b3 a5 10. Bb2 Nxf3+ 11. Bxf3 Ne5 12. Ne4 Nxf3+ 13. Qxf3 Bf8 14. Nf6+
Kh8 15. Qf5 g6 16. Nxe8+ Kg8 17. Qe5 1-0

[Event "Madrid ch Veteranos 2015-2016"]
[Site "Madrid ESP"]
[Date "2016.01.15"]
[Round "5.13"]
[White "Martin Martin, Luis Vicente"]
[Black "Rodriguez Bernal, Herman"]
[Result "1-0"]
[WhiteElo "1967"]
[BlackElo "1768"]
[PlyCount "65"]
[EventDate "2016.01.11"]
[EventType "swiss"]
[EventRounds "9"]
[EventCountry "ESP"]
[Source "lmi"]
[SourceDate "2016.01.11"]

1. d4 e6 2. e4 b6 3. Nf3 Bb7 4. Bd3 Be7 5. e5 g5 6. O-O Nc6 7. c3 d6 8. Qe2 g4
9. Nfd2 Qd7 10. a4 h5 11. exd6 Bxd6 12. d5 Ne5 13. Bb5 c6 14. dxc6 Bxc6 15. Ne4
O-O-O 16. Bg5 Nf3+ 17. gxf3 gxf3 18. Nxd6+ Qxd6 19. Qc4 Qe5 20. Qxc6+ Kb8 21.
Qxf3 Qxg5+ 22. Qg3+ Qxg3+ 23. fxg3 Ne7 24. Na3 Rd2 25. Nc4 Rc2 26. Rac1 Rxc1
27. Rxc1 Nd5 28. Bc6 Rc8 29. Bxd5 exd5 30. Nd6 Rc6 31. Nxf7 d4 32. Ne5 Re6 33.
cxd4 1-0

[Event "Madrid ch Veteranos 2015-2016"]
[Site "Madrid ESP"]
[Date "2016.01.15"]
[Round "5.14"]
[White "Rueda Maria, Ramiro"]
[Black "Martinez Miura, Enrique"]
[Result "1-0"]
[WhiteElo "1904"]
[BlackElo "1646"]
[PlyCount "93"]
[EventDate "2016.01.11"]
[EventType "swiss"]
[EventRounds "9"]
[EventCountry "ESP"]
[Source "lmi"]
[SourceDate "2016.01.11"]

1. c4 Nf6 2. g3 g6 3. Bg2 Bg7 4. Nc3 O-O 5. Nf3 c5 6. O-O Nc6 7. d4 cxd4 8.
Nxd4 a6 9. Nc2 d6 10. Ne3 Rb8 11. Bd2 Bd7 12. Rc1 Nd4 13. Nc2 Nxc2 14. Qxc2 Bc6
15. Nd5 e6 16. Nxf6+ Bxf6 17. Rfd1 Bxg2 18. Kxg2 Qb6 19. b3 Rbc8 20. Qd3 Rfd8
21. Qf3 Bb2 22. Rc2 Bg7 23. Bg5 Rd7 24. Rcd2 Qa5 25. Bf4 e5 26. Be3 Rcd8 27. a4
Qb4 28. Bg5 Rf8 29. Rd3 Re8 30. Qd5 e4 31. Bd2 Qb6 32. Ba5 Qa7 33. Re3 Re5 34.
Qd2 Bh6 35. Bb4 Bxe3 36. fxe3 Ree7 37. Bxd6 Re6 38. c5 b6 39. b4 bxc5 40. bxc5
Qb7 41. Qc3 Qc6 42. Qa5 Rb7 43. Rd2 Rb3 44. Bf4 Kg7 45. Qd8 Qxc5 46. Bd6 Qc3
47. Bf8+ 1-0

[Event "Madrid ch Veteranos 2015-2016"]
[Site "Madrid ESP"]
[Date "2016.01.15"]
[Round "5.15"]
[White "Camarero Izquierdo, Juan Carlos"]
[Black "Martinez Carrasco, Jesus"]
[Result "1-0"]
[WhiteElo "1861"]
[BlackElo "1561"]
[PlyCount "39"]
[EventDate "2016.01.11"]
[EventType "swiss"]
[EventRounds "9"]
[EventCountry "ESP"]
[Source "lmi"]
[SourceDate "2016.01.11"]

1. d4 Nf6 2. Nc3 g6 3. e4 d6 4. Be3 Bg7 5. Qd2 Nbd7 6. Bh6 O-O 7. Bxg7 Kxg7 8.
h4 c5 9. O-O-O cxd4 10. Qxd4 Ne5 11. h5 Nc6 12. Qd2 Nxh5 13. Be2 Nf6 14. Qh6+
Kg8 15. Nd5 Nh5 16. Bxh5 f5 17. Bxg6 Rf7 18. Bxh7+ Rxh7 19. Qxh7+ Kf8 20. Qg6
1-0

[Event "Madrid ch Veteranos 2015-2016"]
[Site "Madrid ESP"]
[Date "2016.01.15"]
[Round "5.16"]
[White "Hernandez Garcia, Carlos"]
[Black "Osorio Ramos, Francisco"]
[Result "1-0"]
[WhiteElo "1747"]
[BlackElo "1834"]
[PlyCount "97"]
[EventDate "2016.01.11"]
[EventType "swiss"]
[EventRounds "9"]
[EventCountry "ESP"]
[Source "lmi"]
[SourceDate "2016.01.11"]

1. e4 c5 2. Nf3 d6 3. Nc3 a6 4. d4 cxd4 5. Nxd4 Nf6 6. Be2 e5 7. Nb3 Be6 8. a4
Be7 9. O-O O-O 10. Be3 Qc7 11. a5 Nbd7 12. f4 Rac8 13. f5 Bc4 14. Bxc4 Qxc4 15.
Nd2 Qb4 16. Ra3 Nc5 17. Nd5 Nxd5 18. exd5 Qxb2 19. Bxc5 Rxc5 20. Rb3 Qd4+ 21.
Kh1 Bg5 22. Qh5 h6 23. Rd3 Qh4 24. Qd1 Bxd2 25. Qxd2 Rfc8 26. c3 Qg5 27. Qe1
Rc4 28. h3 Qh4 29. Qd2 R8c5 30. f6 g5 31. Qb2 Rb5 32. Qa3 Rcc5 33. Qa2 Rxa5 34.
Qd2 Qc4 35. Rd1 Qf4 36. Qe2 Qxf6 37. Rf3 Qg6 38. Rdf1 Kg7 39. Qf2 Rc7 40. Rf6
Qh5 41. Kh2 g4 42. h4 Rxd5 43. Rf5 Qg6 44. g3 Qe6 45. Rf6 Qe8 46. Qe3 Qh8 47.
Qf2 Rd3 48. Rxf7+ Kg8 49. Rf8+ 1-0

[Event "Madrid ch Veteranos 2015-2016"]
[Site "Madrid ESP"]
[Date "2016.01.15"]
[Round "5.17"]
[White "Lopez Peral, Enrique"]
[Black "Salgado Duarte, Pablo"]
[Result "1-0"]
[WhiteElo "1827"]
[BlackElo "1518"]
[PlyCount "81"]
[EventDate "2016.01.11"]
[EventType "swiss"]
[EventRounds "9"]
[EventCountry "ESP"]
[Source "lmi"]
[SourceDate "2016.01.11"]

1. c4 c5 2. Nf3 Nf6 3. g3 Nc6 4. Bg2 e6 5. O-O Be7 6. d4 cxd4 7. Nxd4 O-O 8.
Nc3 a6 9. h3 Qc7 10. Be3 Rb8 11. Rc1 Rd8 12. b3 b6 13. Qc2 Bb7 14. Rfd1 Ba3 15.
Ncb5 axb5 16. Nxb5 Qc8 17. Nxa3 Ra8 18. Qb2 Ra6 19. Nb5 Ne8 20. Rd2 Nb4 21.
Bxb7 Qxb7 22. a3 Nc6 23. Rcd1 Na7 24. Nd6 Nxd6 25. Rxd6 Nc8 26. R6d4 Ne7 27.
Bc1 Nf5 28. R4d3 Ra7 29. Qe5 Ra5 30. Qf4 Ne7 31. g4 Ng6 32. Qd2 d5 33. Bb2 Ne7
34. Qg5 d4 35. Rxd4 Rxd4 36. Rxd4 f6 37. Qd2 Ng6 38. Rd8+ Nf8 39. Qd6 Qf7 40.
a4 Ra7 41. Ba3 1-0

[Event "Madrid ch Veteranos 2015-2016"]
[Site "Madrid ESP"]
[Date "2016.01.15"]
[Round "5.18"]
[White "Keller, August"]
[Black "Sanchez Hernandez, Guillermo"]
[Result "1-0"]
[WhiteElo "1746"]
[BlackElo "1824"]
[PlyCount "35"]
[EventDate "2016.01.11"]
[EventType "swiss"]
[EventRounds "9"]
[EventCountry "ESP"]
[Source "lmi"]
[SourceDate "2016.01.11"]

1. e4 c5 2. Nf3 e6 3. d4 cxd4 4. Nxd4 a6 5. c4 Nc6 6. Be2 Nf6 7. Nc3 Bb4 8.
Nxc6 bxc6 9. Qd3 d5 10. exd5 cxd5 11. O-O Bb7 12. Bg5 dxc4 13. Qxc4 Bxc3 14.
Qxc3 Qd5 15. Bf3 Ne4 16. Qxg7 Qxg5 17. Qxh8+ Ke7 18. Qd4 1-0

[Event "Madrid ch Veteranos 2015-2016"]
[Site "Madrid ESP"]
[Date "2016.01.15"]
[Round "5.19"]
[White "Lopez Heras, Arturo"]
[Black "Romero Jaime, Pedro"]
[Result "1-0"]
[WhiteElo "1809"]
[BlackElo "1553"]
[PlyCount "53"]
[EventDate "2016.01.11"]
[EventType "swiss"]
[EventRounds "9"]
[EventCountry "ESP"]
[Source "lmi"]
[SourceDate "2016.01.11"]

1. d4 d5 2. c4 c6 3. e3 Nf6 4. Nc3 dxc4 5. Bxc4 Bf5 6. Qb3 e6 7. Qxb7 Nbd7 8.
Qxc6 Bb4 9. Nge2 Be4 10. Qa4 Qb6 11. O-O Bb7 12. Qb5 O-O 13. a3 Bd6 14. Qxb6
Nxb6 15. Bd3 Ng4 16. h3 Nf6 17. Bd2 a6 18. e4 Bc7 19. Rac1 Rac8 20. e5 Nfd7 21.
Ne4 Rfd8 22. Bb1 Nxe5 23. Bf4 Nbc4 24. dxe5 Nxb2 25. Nd6 Bxd6 26. Rxc8 Be7 27.
Rc7 1-0

[Event "Madrid ch Veteranos 2015-2016"]
[Site "Madrid ESP"]
[Date "2016.01.15"]
[Round "5.20"]
[White "Rodriguez Bachiller, Luis"]
[Black "Serrano Garcia, Vicente"]
[Result "0-1"]
[WhiteElo "1660"]
[BlackElo "1802"]
[PlyCount "100"]
[EventDate "2016.01.11"]
[EventType "swiss"]
[EventRounds "9"]
[EventCountry "ESP"]
[Source "lmi"]
[SourceDate "2016.01.11"]

1. e4 e6 2. d4 d5 3. exd5 exd5 4. Bf4 Nc6 5. c3 Nf6 6. h3 Bf5 7. Bd3 Bg6 8.
Bxg6 hxg6 9. Nd2 Nh5 10. Qe2+ Be7 11. Bh2 Qd7 12. Ngf3 O-O-O 13. O-O-O g5 14.
Qd3 Bd6 15. Bxd6 Qxd6 16. Qf5+ Kb8 17. Nxg5 g6 18. Qg4 f5 19. Qf3 Qf6 20. h4 b5
21. Qe2 a6 22. Qe6 Qxe6 23. Nxe6 Rde8 24. Nc5 a5 25. Rde1 b4 26. g3 f4 27. g4
Nf6 28. Rxe8+ Rxe8 29. g5 Ng4 30. Nd3 Re2 31. Kd1 Rxf2 32. Nxf2 Nxf2+ 33. Ke2
Nxh1 34. Kf3 Ng3 35. Kxf4 Ne2+ 36. Kg4 bxc3 37. bxc3 Nxc3 38. h5 gxh5+ 39. Kxh5
Nxa2 40. g6 Ne7 41. g7 Kc8 42. Nb3 a4 43. Na5 Kd7 44. Nb7 a3 45. Nc5+ Kd6 46.
Nb7+ Ke6 47. Kh6 Nf5+ 48. Kg6 Nxg7 49. Kxg7 Kf5 50. Nc5 Nc3 0-1